[Event "17. Open de Sants Hostafrancs 2015"]
[Site "Barcelona ESP"]
[Date "2015.08.28"]
[Round "8.8"]
[White "Oliva Castaneda, Kevel"]
[Black "Valderrama Quiceno, Esteban A"]
[Result "1-0"]
[WhiteElo "2488"]
[BlackElo "2357"]
[PlyCount "81"]
[EventDate "2015.08.21"]
[EventType "swiss"]
[EventRounds "10"]
[EventCountry "ESP"]
[SourceTitle "Ajedrez en Madrid"]
[Source "lmi"]
[SourceDate "2015.08.21"]
[WhiteClock "0:47:11"]
[BlackClock "1:08:48"]

1. Nf3 Nf6 2. c4 c5 3. Nc3 Nc6 4. g3 d5 5. cxd5 Nxd5 6. Bg2 Nc7 7. O-O e5 8. a3
Rb8 9. d3 Be7 10. Nd2 Bd7 11. Nc4 f6 12. Nd5 Nxd5 13. Bxd5 Bh3 14. Bxc6+ bxc6
15. Re1 O-O 16. Bd2 Qd7 17. Qa4 Rb5 18. Rac1 h5 19. Rc2 Rfb8 20. Bc3 h4 21. Rd2
hxg3 22. hxg3 Be6 23. Qd1 Bd5 24. e4 Be6 25. Re3 R5b7 26. Qa4 Bd6 27. Qd1 Bc7
28. Qf1 Bh3 29. Qe1 Qg4 30. f3 Qg5 31. g4 Kf7 32. Qg3 Rh8 33. Rh2 Qh6 34. Re1
Rbb8 35. Kf2 Rh7 36. Reh1 Rbh8 37. Bd2 g5 38. Ne3 c4 39. Nf5 Bb6+ 40. Ke1 Qh5
41. gxh5 1-0

[Event "17. Open de Sants Hostafrancs 2015"]
[Site "Barcelona ESP"]
[Date "2015.08.28"]
[Round "8.9"]
[White "Arenas, David"]
[Black "Schroeder, Jan-Christian"]
[Result "1/2-1/2"]
[WhiteElo "2439"]
[BlackElo "2473"]
[PlyCount "42"]
[EventDate "2015.08.21"]
[EventType "swiss"]
[EventRounds "10"]
[EventCountry "ESP"]
[SourceTitle "Ajedrez en Madrid"]
[Source "lmi"]
[SourceDate "2015.08.21"]
[WhiteClock "0:36:34"]
[BlackClock "0:38:07"]

1. e4 e5 2. Nf3 Nc6 3. Bb5 a6 4. Ba4 Nf6 5. O-O Be7 6. Qe2 b5 7. Bb3 O-O 8. c3
d5 9. d3 Re8 10. Nbd2 Bf8 11. h3 h6 12. Re1 Be6 13. Nf1 a5 14. Ng3 a4 15. Bc2
d4 16. a3 g6 17. Bd2 Nd7 18. cxd4 exd4 19. Nh2 Qh4 20. Nf3 Qd8 21. Nh2 Qh4
1/2-1/2

[Event "17. Open de Sants Hostafrancs 2015"]
[Site "Barcelona ESP"]
[Date "2015.08.28"]
[Round "8.10"]
[White "Andersen, Mads"]
[Black "Shatko, Danil"]
[Result "1-0"]
[WhiteElo "2467"]
[BlackElo "2177"]
[PlyCount "73"]
[EventDate "2015.08.21"]
[EventType "swiss"]
[EventRounds "10"]
[EventCountry "ESP"]
[SourceTitle "Ajedrez en Madrid"]
[Source "lmi"]
[SourceDate "2015.08.21"]
[WhiteClock "0:02:01"]
[BlackClock "0:09:15"]

1. d4 e6 2. c4 d5 3. Nf3 Be7 4. g3 Nf6 5. Bg2 O-O 6. O-O dxc4 7. Qc2 a6 8. a4
Bd7 9. Qxc4 Bc6 10. Bf4 Nbd7 11. Nc3 Nb6 12. Qd3 Nbd5 13. Bg5 h6 14. Bxf6 Nxf6
15. e4 b6 16. Rfd1 Bb7 17. Qe2 Bb4 18. Ne1 Re8 19. Nc2 Bf8 20. Ne3 Qb8 21. e5
Nd7 22. f4 Qa7 23. Bh3 Rad8 24. Qc4 Nb8 25. Nb5 axb5 26. axb5 Bd5 27. Rxa7 Bxc4
28. Nxc4 Bc5 29. Rxc7 Rxd4 30. Rxd4 Bxd4+ 31. Kf1 Bc5 32. Rb7 Rc8 33. Nxb6 Bxb6
34. Rxb6 Nd7 35. Rd6 Rc1+ 36. Ke2 Rc2+ 37. Kd1 1-0

[Event "17. Open de Sants Hostafrancs 2015"]
[Site "Barcelona ESP"]
[Date "2015.08.28"]
[Round "8.11"]
[White "Cori, Jorge"]
[Black "Abergel, Thal"]
[Result "1/2-1/2"]
[WhiteElo "2635"]
[BlackElo "2433"]
[PlyCount "149"]
[EventDate "2015.08.21"]
[EventType "swiss"]
[EventRounds "10"]
[EventCountry "ESP"]
[SourceTitle "Ajedrez en Madrid"]
[Source "lmi"]
[SourceDate "2015.08.21"]
[WhiteClock "0:18:40"]
[BlackClock "0:04:37"]

1. e4 c5 2. Nf3 e6 3. d4 cxd4 4. Nxd4 a6 5. Nc3 Qc7 6. Be2 Nf6 7. O-O d6 8. f4
Be7 9. Be3 O-O 10. a4 b6 11. Bf3 Bb7 12. Qe1 Nbd7 13. Rd1 Rac8 14. Qg3 Nc5 15.
e5 Nfe4 16. Nxe4 Nxe4 17. Bxe4 Bxe4 18. c3 dxe5 19. fxe5 Bg6 20. Rde1 Qc4 21.
Rf4 Qd3 22. Qf3 Bg5 23. Rg4 Bxe3+ 24. Qxe3 Qxe3+ 25. Rxe3 Rfd8 26. Kf2 Rd5 27.
Ne2 b5 28. axb5 Rxb5 29. b4 a5 30. Nd4 Rd5 31. b5 h5 32. Rf4 Kh7 33. Kg3 Rdc5
34. Nc6 Ra8 35. c4 a4 36. Ra3 Bc2 37. Nb4 Bb3 38. b6 Rxc4 39. Rxc4 Bxc4 40. Nc6
Bd5 41. b7 Bxc6 42. bxa8=Q Bxa8 43. Rxa4 Bd5 44. Rf4 Kg6 45. Rf2 Bc6 46. Kf4 f6
47. Rd2 Kf7 48. exf6 gxf6 49. Kg3 e5 50. Kh4 Kg6 51. Rd8 Be4 52. h3 Kf7 53.
Rd7+ Kg6 54. Rd2 Bb7 55. Rd8 Be4 56. Rg8+ Kf7 57. Rg3 Bg6 58. Ra3 Kg7 59. Ra6
Bf7 60. Rd6 Kg6 61. g4 hxg4 62. hxg4 Kg7 63. g5 fxg5+ 64. Kxg5 e4 65. Rd7 e3
66. Re7 e2 67. Rxe2 Bg8 68. Re7+ Kh8 69. Kg6 Bb3 70. Re3 Bc4 71. Rh3+ Kg8 72.
Rg3 Kh8 73. Re3 Bd5 74. Re8+ Bg8 75. Kh6 1/2-1/2

[Event "17. Open de Sants Hostafrancs 2015"]
[Site "Barcelona ESP"]
[Date "2015.08.28"]
[Round "8.12"]
[White "Edouard, Romain"]
[Black "Akesson, Ralf"]
[Result "1-0"]
[WhiteElo "2634"]
[BlackElo "2418"]
[PlyCount "81"]
[EventDate "2015.08.21"]
[EventType "swiss"]
[EventRounds "10"]
[EventCountry "ESP"]
[SourceTitle "Ajedrez en Madrid"]
[Source "lmi"]
[SourceDate "2015.08.21"]
[WhiteClock "0:30:31"]
[BlackClock "0:23:44"]

1. e4 c6 2. d4 d5 3. e5 Bf5 4. Nf3 e6 5. Be2 Nd7 6. O-O h6 7. Nbd2 Ne7 8. Nb3
g5 9. Ne1 Bg7 10. Nd3 Qc7 11. f4 O-O-O 12. Bd2 Ng6 13. Ba5 b6 14. Bb4 Bf8 15.
Bxf8 Rdxf8 16. Rc1 Bxd3 17. Bxd3 Nxf4 18. c4 Kb7 19. cxd5 Nxd5 20. Nd2 f6 21.
Qa4 Nb8 22. Rfe1 f5 23. Nc4 b5 24. Na5+ Ka8 25. Qa3 Qb6 26. Nb3 Rd8 27. Kh1
Rhe8 28. Rc2 Re7 29. Rec1 a5 30. Be2 Ra7 31. Nc5 Nf4 32. Bf3 Rxd4 33. g3 Nd5
34. Nxe6 Ra4 35. Rxc6 Nxc6 36. Qf8+ Qb8 37. Bxd5 Qxf8 38. Bxc6+ Kb8 39. Nxf8
Rc7 40. e6 Ka7 41. Nd7 1-0

[Event "17. Open de Sants Hostafrancs 2015"]
[Site "Barcelona ESP"]
[Date "2015.08.28"]
[Round "8.13"]
[White "Wegerle, Joerg"]
[Black "Bachmann, Axel"]
[Result "1/2-1/2"]
[WhiteElo "2430"]
[BlackElo "2623"]
[PlyCount "221"]
[EventDate "2015.08.21"]
[EventType "swiss"]
[EventRounds "10"]
[EventCountry "ESP"]
[SourceTitle "Ajedrez en Madrid"]
[Source "lmi"]
[SourceDate "2015.08.21"]

1. d4 Nf6 2. Nf3 g6 3. Nc3 d5 4. Bf4 Bg7 5. e3 O-O 6. Be2 c6 7. Ne5 Nbd7 8. Qd2
a5 9. O-O a4 10. Rfd1 Qa5 11. Rab1 Nxe5 12. Bxe5 Bh6 13. b4 axb3 14. axb3 Nd7
15. Bg3 Re8 16. b4 Qd8 17. b5 e5 18. bxc6 bxc6 19. dxe5 Nxe5 20. Qd4 Bg7 21.
Qb4 Qa5 22. Rdc1 Bf5 23. Qxa5 Rxa5 24. Nd1 h5 25. h3 Rea8 26. Bxe5 Bxe5 27. Bd3
Be6 28. c4 d4 29. Be4 R8a6 30. c5 Ra4 31. Nb2 Rb4 32. Nd3 Rxb1 33. Rxb1 Bf6 34.
Nb4 Ra3 35. Nc2 Ra4 36. Bxc6 Rc4 37. Nxd4 Rxc5 38. Nxe6 Rxc6 39. Nf4 Rd6 40. g3
Be5 41. Ng2 Bf6 42. Ne1 Rd2 43. Nf3 Ra2 44. Rb4 Kg7 45. Rc4 Rb2 46. g4 hxg4 47.
hxg4 Rb5 48. Kg2 Ra5 49. Kg3 Be5+ 50. Kg2 Bf6 51. Rc7 Rd5 52. Rb7 Kf8 53. Ra7
Ke8 54. Ra2 Ke7 55. Nd2 Kf8 56. f4 Be7 57. Kf3 Rd3 58. Ne4 f5 59. Nf2 Ra3 60.
Rc2 Kf7 61. g5 Ke6 62. Ke2 Bd6 63. Nd3 Ra8 64. Kf3 Ra3 65. Ne1 Kd5 66. Rd2+ Ke6
67. Ng2 Bc5 68. Rc2 Kd5 69. Rd2+ Ke6 70. Rd8 Rc3 71. Rg8 Kf7 72. Rc8 Bb4 73.
Rb8 Bc5 74. Ra8 Kg7 75. Ra6 Kf7 76. Rf6+ Kg7 77. Rc6 Bd4 78. Rd6 Bc5 79. Rd5
Kf7 80. Ke2 Rc2+ 81. Kd3 Rc1 82. Kd2 Rc4 83. Nh4 Bb4+ 84. Kd1 Rc3 85. Rb5 Be7
86. Kd2 Rc6 87. Nf3 Bd6 88. Rb7+ Rc7 89. Rb6 Rd7 90. Ke2 Ke7 91. Rc6 Kf7 92.
Nd4 Be7 93. Nb5 Rd5 94. Nd4 Rd7 95. Kd3 Bd8 96. Kc4 Rc7 97. Kd5 Rxc6 98. Nxc6
Bb6 99. Ne5+ Kg7 100. Nc4 Ba7 101. Kc6 Kf7 102. Kd6 Kg7 103. Ke6 Bc5 104. Kd5
Ba7 105. e4 fxe4 106. Kxe4 Kf7 107. Ne5+ Kg7 108. f5 gxf5+ 109. Kxf5 Be3 110.
Ng4 Bxg5 111. Kxg5 1/2-1/2

[Event "17. Open de Sants Hostafrancs 2015"]
[Site "Barcelona ESP"]
[Date "2015.08.28"]
[Round "8.14"]
[White "Cruz, Filemon"]
[Black "Potkin, Vladimir"]
[Result "0-1"]
[WhiteElo "2395"]
[BlackElo "2599"]
[PlyCount "84"]
[EventDate "2015.08.21"]
[EventType "swiss"]
[EventRounds "10"]
[EventCountry "ESP"]
[SourceTitle "Ajedrez en Madrid"]
[Source "lmi"]
[SourceDate "2015.08.21"]
[WhiteClock "0:09:22"]
[BlackClock "0:29:25"]

1. d4 d5 2. Nf3 Nf6 3. c4 e6 4. Nc3 c6 5. e3 Nbd7 6. a4 Bb4 7. Bd3 O-O 8. O-O
b6 9. Bd2 a5 10. Qc2 Bb7 11. e4 dxe4 12. Nxe4 Bxd2 13. Nfxd2 c5 14. dxc5 bxc5
15. Rfd1 Qc7 16. Nxf6+ Nxf6 17. Be2 Rab8 18. b3 Rfd8 19. h3 Rd4 20. Bf3 g6 21.
Rab1 Rbd8 22. Bxb7 Qxb7 23. Nf3 Rxd1+ 24. Rxd1 Rxd1+ 25. Qxd1 Qc7 26. Qd2 Nd7
27. Qc3 f6 28. h4 Kf7 29. Qd2 Nf8 30. Qc3 Qd8 31. Ne1 e5 32. h5 Ne6 33. hxg6+
hxg6 34. Qh3 Qd1 35. Kf1 Qh5 36. Qxh5 gxh5 37. Nd3 e4 38. Nc1 Nd4 39. Ke1 h4
40. Kd2 f5 41. Ne2 Nxe2 42. Kxe2 Ke6 0-1

[Event "17. Open de Sants Hostafrancs 2015"]
[Site "Barcelona ESP"]
[Date "2015.08.28"]
[Round "8.15"]
[White "Nijboer, Friso"]
[Black "Admiraal, Miguoel"]
[Result "0-1"]
[WhiteElo "2566"]
[BlackElo "2414"]
[PlyCount "57"]
[EventDate "2015.08.21"]
[EventType "swiss"]
[EventRounds "10"]
[EventCountry "ESP"]
[SourceTitle "Ajedrez en Madrid"]
[Source "lmi"]
[SourceDate "2015.08.21"]

1. e4 c5 2. Nf3 e6 3. Nc3 Nc6 4. d4 cxd4 5. Nxd4 Qc7 6. Qd3 a6 7. Nxc6 Qxc6 8.
Be2 b5 9. e5 Bb7 10. Bf3 Qc7 11. Bxb7 Qxb7 12. O-O f5 13. h4 Rc8 14. Bd2 Nh6
15. f3 Nf7 16. Bf4 Rc4 17. g3 Bc5+ 18. Kh1 Bd4 19. a4 O-O 20. axb5 axb5 21. Ra5
Bxc3 22. bxc3 Rfc8 23. Ra3 R4c5 24. Qe3 h6 25. Rd1 Nxe5 26. Bxe5 Rxe5 27. Rxd7
Rxe3 28. Rxb7 Rxf3 29. h5 0-1

[Event "17. Open de Sants Hostafrancs 2015"]
[Site "Barcelona ESP"]
[Date "2015.08.28"]
[Round "8.16"]
[White "Demuth, Adrien"]
[Black "Kobo, Ori"]
[Result "0-1"]
[WhiteElo "2541"]
[BlackElo "2412"]
[PlyCount "112"]
[EventDate "2015.08.21"]
[EventType "swiss"]
[EventRounds "10"]
[EventCountry "ESP"]
[SourceTitle "Ajedrez en Madrid"]
[Source "lmi"]
[SourceDate "2015.08.21"]
[WhiteClock "0:05:06"]
[BlackClock "0:22:06"]

1. d4 Nf6 2. c4 g6 3. Nc3 d5 4. Qb3 dxc4 5. Qxc4 Bg7 6. e4 O-O 7. Be2 Nc6 8.
Nf3 e5 9. d5 Nd4 10. Nxd4 exd4 11. Qxd4 c6 12. Qc4 b5 13. Qxc6 Bd7 14. Qd6 Re8
15. f3 Nh5 16. Be3 f5 17. g3 Be5 18. Qc5 f4 19. Bd4 Rc8 20. Qxa7 fxg3 21. hxg3
Nxg3 22. Bxe5 Rxe5 23. Qd4 Nxh1 24. Qxe5 b4 25. Qh2 bxc3 26. bxc3 Rxc3 27. Qxh1
Rc2 28. Kf1 Qf6 29. Re1 Qf4 30. Qg2 Rxa2 31. Kf2 Bb5 32. Qg4 Qh2+ 33. Ke3 Rxe2+
34. Rxe2 Qxe2+ 35. Kd4 Qc4+ 36. Ke5 Qc7+ 37. Kd4 Qc4+ 38. Ke5 Qc7+ 39. Kd4 Qa7+
40. Ke5 Qg7+ 41. Kd6 Qf8+ 42. Kc7 Qe7+ 43. Kb6 Be8 44. Qg3 h5 45. e5 Qb4+ 46.
Kc7 Qa5+ 47. Kd6 Qd8+ 48. Kc5 Qc7+ 49. Kd4 Qb6+ 50. Kc4 Qb5+ 51. Kd4 Qb4+ 52.
Kd3 Bb5+ 53. Kc2 Qc4+ 54. Kb2 Qd4+ 55. Kc1 Bd3 56. Qe1 Qxd5 0-1

[Event "17. Open de Sants Hostafrancs 2015"]
[Site "Barcelona ESP"]
[Date "2015.08.28"]
[Round "8.17"]
[White "Alonso Garcia, Rene Marcial"]
[Black "Aroshidze, Levan"]
[Result "1/2-1/2"]
[WhiteElo "2339"]
[BlackElo "2535"]
[PlyCount "46"]
[EventDate "2015.08.21"]
[EventType "swiss"]
[EventRounds "10"]
[EventCountry "ESP"]
[SourceTitle "Ajedrez en Madrid"]
[Source "lmi"]
[SourceDate "2015.08.21"]
[WhiteClock "0:32:38"]
[BlackClock "1:09:09"]

1. Nf3 c5 2. c4 Nf6 3. Nc3 b6 4. g3 Bb7 5. Bg2 e6 6. O-O d6 7. Re1 Be7 8. e4 a6
9. d4 cxd4 10. Nxd4 Qc7 11. Bf4 O-O 12. e5 dxe5 13. Bxe5 Qc8 14. Bxb7 Qxb7 15.
Bxf6 Bxf6 16. Ne4 Be7 17. Qf3 Ra7 18. Rad1 Rc8 19. Qe2 Nd7 20. Nf3 Qc7 21. b3
h6 22. Rd3 Nc5 23. Nxc5 Qxc5 1/2-1/2

[Event "17. Open de Sants Hostafrancs 2015"]
[Site "Barcelona ESP"]
[Date "2015.08.28"]
[Round "8.18"]
[White "Carstensen, Jacob"]
[Black "Kanarek, Marcel"]
[Result "0-1"]
[WhiteElo "2336"]
[BlackElo "2528"]
[PlyCount "126"]
[EventDate "2015.08.21"]
[EventType "swiss"]
[EventRounds "10"]
[EventCountry "ESP"]
[SourceTitle "Ajedrez en Madrid"]
[Source "lmi"]
[SourceDate "2015.08.21"]
[WhiteClock "0:00:36"]
[BlackClock "0:01:22"]

1. d4 Nf6 2. c4 g6 3. Nc3 Bg7 4. e4 d6 5. Nf3 O-O 6. Be2 e5 7. O-O Nbd7 8. Be3
Re8 9. d5 Nh5 10. g3 Bf8 11. Ne1 Ng7 12. Nd3 f5 13. f3 Be7 14. Qd2 Nf6 15. c5
fxe4 16. fxe4 Bh3 17. cxd6 cxd6 18. Rfc1 Ng4 19. Bxg4 Bxg4 20. Nb5 Rf8 21. Nf2
Bd7 22. Qb4 Rf3 23. Rc3 a6 24. Na3 b5 25. Bb6 Qf8 26. Kg2 Rf6 27. Qb3 b4 28.
Rc7 Bc8 29. Nc4 Ne8 30. Rxc8 Rxc8 31. Ng4 Rf7 32. Be3 g5 33. Nb6 Rc7 34. Na8
Rc8 35. Nb6 Rd8 36. Qxb4 h5 37. Nf2 g4 38. Qd2 Rf3 39. Rc1 Qf7 40. Qe2 Qg6 41.
Nc4 Ng7 42. Nd2 Rdf8 43. Rf1 h4 44. Nxg4 Rxf1 45. Nxf1 Qxe4+ 46. Kg1 h3 47. b4
Qxd5 48. Nh6+ Kh8 49. a4 Qe4 50. b5 axb5 51. axb5 Bg5 52. Ng4 Rf3 53. b6 Rf8
54. Nd2 Bxe3+ 55. Nxe3 Qd4 56. b7 Qb6 57. Qd3 d5 58. Qa3 Rb8 59. Nf3 Qxb7 60.
Nxe5 d4 61. Qd3 dxe3 62. Ng6+ Kg8 63. Qc4+ Kh7 0-1

[Event "17. Open de Sants Hostafrancs 2015"]
[Site "Barcelona ESP"]
[Date "2015.08.28"]
[Round "8.19"]
[White "Riff, Jean-Noel"]
[Black "Ootes, Lars"]
[Result "0-1"]
[WhiteElo "2519"]
[BlackElo "2400"]
[PlyCount "48"]
[EventDate "2015.08.21"]
[EventType "swiss"]
[EventRounds "10"]
[EventCountry "ESP"]
[SourceTitle "Ajedrez en Madrid"]
[Source "lmi"]
[SourceDate "2015.08.21"]

1. e4 d6 2. d4 Nf6 3. Nc3 g6 4. Be3 c6 5. h3 Bg7 6. Nf3 O-O 7. Bd3 Nbd7 8. O-O
e5 9. Qd2 Re8 10. Rfe1 exd4 11. Bxd4 Ne5 12. Be2 Nfd7 13. Nh2 b5 14. Rad1 Qa5
15. a3 b4 16. Nb1 c5 17. axb4 cxb4 18. f4 Nc6 19. Bxg7 Kxg7 20. Qxd6 Qb6+ 21.
Kh1 Nc5 22. Bb5 Qxb5 23. Rd5 Rxe4 24. Red1 Nb7 0-1

[Event "17. Open de Sants Hostafrancs 2015"]
[Site "Barcelona ESP"]
[Date "2015.08.28"]
[Round "8.20"]
[White "Cuartas, Jaime Alexander"]
[Black "Aabling-Thomsen, Jakob"]
[Result "1-0"]
[WhiteElo "2503"]
[BlackElo "2333"]
[PlyCount "119"]
[EventDate "2015.08.21"]
[EventType "swiss"]
[EventRounds "10"]
[EventCountry "ESP"]
[SourceTitle "Ajedrez en Madrid"]
[Source "lmi"]
[SourceDate "2015.08.21"]

1. e4 g6 2. d4 Bg7 3. Nf3 d6 4. Bc4 Nf6 5. Qe2 O-O 6. e5 dxe5 7. dxe5 Nd5 8. h3
Be6 9. O-O Nd7 10. Ng5 Nxe5 11. Nxe6 fxe6 12. Bb3 Qd6 13. Na3 Nf4 14. Bxf4 Rxf4
15. Rad1 Qb6 16. Qb5 Kf7 17. Qxb6 axb6 18. g3 Nf3+ 19. Kg2 Rf5 20. c3 Bxc3 21.
bxc3 Rxa3 22. Rd3 Ne5 23. Re3 Kf6 24. g4 Rf4 25. g5+ Kf5 26. Bc2+ Kxg5 27.
Rxe5+ Kf6 28. Re3 Rxa2 29. Bb3 Rb2 30. Bxe6 b5 31. Kg3 g5 32. Bd5 c6 33. Re6+
Kg7 34. Bf3 Kf8 35. Rfe1 b4 36. Rxe7 bxc3 37. R7e3 c2 38. Rc1 Rc4 39. Re2 b5
40. Bh5 b4 41. Ra1 Rb3+ 42. f3 Ra3 43. Rc1 b3 44. Re8+ Kg7 45. Re7+ Kf8 46.
Rf7+ Kg8 47. Rb7 Rc3 48. Re1 Ra8 49. Bf7+ Kh8 50. Rc1 Ra3 51. Bh5 Ra8 52. Kg4
c5 53. Kxg5 c4 54. Bg4 Rd3 55. Be6 Rxf3 56. Bxc4 Rxh3 57. Bxb3 Rc8 58. Be6 Rh1
59. Rxh1 Rc5+ 60. Kf6 1-0

[Event "17. Open de Sants Hostafrancs 2015"]
[Site "Barcelona ESP"]
[Date "2015.08.28"]
[Round "8.21"]
[White "Ducarmon, Quinten"]
[Black "Sturt, Raven M"]
[Result "0-1"]
[WhiteElo "2475"]
[BlackElo "2282"]
[PlyCount "120"]
[EventDate "2015.08.21"]
[EventType "swiss"]
[EventRounds "10"]
[EventCountry "ESP"]
[SourceTitle "Ajedrez en Madrid"]
[Source "lmi"]
[SourceDate "2015.08.21"]

1. e4 e5 2. Nf3 Nc6 3. Bb5 a6 4. Ba4 Nf6 5. O-O Be7 6. Re1 b5 7. Bb3 d6 8. a4
Bd7 9. c3 O-O 10. d4 h6 11. Na3 Re8 12. Bd2 Rb8 13. axb5 axb5 14. Nc2 Ra8 15.
h3 Bf8 16. Rxa8 Qxa8 17. dxe5 dxe5 18. Qe2 Qb7 19. Nb4 Na5 20. Ba2 Nc4 21. Nd3
Bd6 22. Bc1 Bc6 23. b3 Nxe4 24. Qc2 Nb6 25. c4 bxc4 26. bxc4 Na4 27. c5 Naxc5
28. Nxc5 Nxc5 29. Bxh6 Bd5 30. Bxd5 Qxd5 31. Be3 Nd3 32. Rd1 e4 33. Ne1 Rd8 34.
g3 Be5 35. Ng2 Qe6 36. Kh2 Rc8 37. Ne1 Nxe1 38. Rxe1 c5 39. Kg2 f5 40. Rb1 c4
41. Rb6 Rc6 42. Rb5 c3 43. Qa4 Bf6 44. Rxf5 c2 45. Rb5 c1=Q 46. Bxc1 Rxc1 47.
Rb8+ Kf7 48. Qb5 Kg6 49. Rh8 Qe5 50. Qd7 Rc7 51. Qd1 Qf5 52. h4 Rc5 53. Qa4
Qf3+ 54. Kh3 Be7 55. Qe8+ Kf6 56. Qa8 Rc2 57. Qa6+ Kf7 58. Qa4 Qf5+ 59. Kg2
Qxf2+ 60. Kh1 Qh2# 0-1

[Event "17. Open de Sants Hostafrancs 2015"]
[Site "Barcelona ESP"]
[Date "2015.08.28"]
[Round "8.22"]
[White "Van Der Lende, Ilias"]
[Black "Bellia, Fabrizio"]
[Result "0-1"]
[WhiteElo "2332"]
[BlackElo "2461"]
[PlyCount "82"]
[EventDate "2015.08.21"]
[EventType "swiss"]
[EventRounds "10"]
[EventCountry "ESP"]
[SourceTitle "Ajedrez en Madrid"]
[Source "lmi"]
[SourceDate "2015.08.21"]

1. d4 Nf6 2. c4 c5 3. e3 g6 4. Nc3 Bg7 5. dxc5 Na6 6. Nf3 Nxc5 7. Be2 O-O 8.
O-O b6 9. Nd4 Bb7 10. b4 Nce4 11. Nxe4 Nxe4 12. Bb2 d5 13. f3 Nd6 14. c5 bxc5
15. bxc5 Nc4 16. Bxc4 dxc4 17. Qa4 e5 18. c6 Bc8 19. Nb5 Qb6 20. Ba3 Qxc6 21.
Bxf8 Bxf8 22. Nc3 Qc5 23. Kh1 Be6 24. e4 Rd8 25. Rac1 Bh6 26. Rc2 Rd2 27. Rxd2
Bxd2 28. Qc2 Qe3 29. Nd5 Bxd5 30. exd5 c3 31. Rd1 Qd4 32. d6 Kf8 33. Qb3 Qd3
34. d7 Ke7 35. Qb8 Kxd7 36. Qxa7+ Ke8 37. Qb8+ Ke7 38. Qc7+ Kf6 39. Qc6+ Kg7
40. Qc7 c2 41. Rg1 Bc3 0-1

[Event "17. Open de Sants Hostafrancs 2015"]
[Site "Barcelona ESP"]
[Date "2015.08.28"]
[Round "8.23"]
[White "Lopez Mulet, Inigo"]
[Black "Gallego Alcaraz, Andres Felipe"]
[Result "1/2-1/2"]
[WhiteElo "2332"]
[BlackElo "2443"]
[PlyCount "108"]
[EventDate "2015.08.21"]
[EventType "swiss"]
[EventRounds "10"]
[EventCountry "ESP"]
[SourceTitle "Ajedrez en Madrid"]
[Source "lmi"]
[SourceDate "2015.08.21"]

1. d4 Nf6 2. c4 g6 3. g3 Bg7 4. Bg2 d5 5. cxd5 Nxd5 6. e4 Nb6 7. Ne2 c5 8. d5
e6 9. O-O O-O 10. Nec3 Na6 11. a4 exd5 12. exd5 Nc4 13. Nd2 Ne5 14. h3 Nd3 15.
Nc4 Nxc1 16. Rxc1 Nb4 17. d6 Be6 18. Nb5 Qd7 19. Nc7 Rad8 20. Nxe6 fxe6 21. f4
Bd4+ 22. Kh2 b6 23. Qg4 Qxa4 24. Qxe6+ Kh8 25. Ne5 Rde8 26. Qg4 Rd8 27. Ra1 Qc2
28. Rfc1 Qf5 29. Rxa7 Qxg4 30. hxg4 Bxe5 31. fxe5 Nd3 32. e6 Rxd6 33. Rf1 Rxf1
34. Bxf1 Ne5 35. e7 Nxg4+ 36. Kh3 Nf6 37. Ra8+ Kg7 38. e8=Q Nxe8 39. Rxe8 Rd4
40. Re2 Kf6 41. Rc2 Rb4 42. Bc4 b5 43. Bg8 c4 44. Rf2+ Kg7 45. Bd5 h5 46. Rf7+
Kh6 47. Rf6 Rxb2 48. Be4 Re2 49. Rxg6+ Kh7 50. Bb1 Rb2 51. Be4 Re2 52. Rg4+ Kh6
53. Rf4 Kg5 54. Rf5+ Kh6 1/2-1/2

[Event "17. Open de Sants Hostafrancs 2015"]
[Site "Barcelona ESP"]
[Date "2015.08.28"]
[Round "8.24"]
[White "Rios, Cristhian Camilo"]
[Black "Mingarro Carceller, Sergi"]
[Result "1-0"]
[WhiteElo "2435"]
[BlackElo "2255"]
[PlyCount "71"]
[EventDate "2015.08.21"]
[EventType "swiss"]
[EventRounds "10"]
[EventCountry "ESP"]
[SourceTitle "Ajedrez en Madrid"]
[Source "lmi"]
[SourceDate "2015.08.21"]

1. d4 f5 2. c4 Nf6 3. Nc3 d6 4. Bg5 Nbd7 5. Qc2 g6 6. Nh3 h6 7. Nf4 Kf7 8. Bxf6
Nxf6 9. O-O-O c6 10. e4 fxe4 11. Nxe4 Bf5 12. Bd3 e6 13. Rhe1 Nxe4 14. Bxe4 Qg5
15. g3 Re8 16. Qb3 Re7 17. Bxf5 gxf5 18. c5 d5 19. h4 Qf6 20. h5 Rg8 21. Qa4
Kg7 22. Re5 Kh7 23. Qc2 Bg7 24. Nxe6 Rxe6 25. Rxf5 Re2 26. Qd3 Qxd4 27. Qxe2
Qxc5+ 28. Kb1 Kh8 29. g4 Qd6 30. g5 Qd7 31. Qf3 hxg5 32. Rf7 Qe6 33. h6 Be5 34.
h7 Re8 35. Rf8+ Kxh7 36. Qh5+ 1-0

[Event "17. Open de Sants Hostafrancs 2015"]
[Site "Barcelona ESP"]
[Date "2015.08.28"]
[Round "8.25"]
[White "Bendayan Claros, Aaron"]
[Black "Munoz Pantoja, Miguel"]
[Result "1/2-1/2"]
[WhiteElo "2200"]
[BlackElo "2434"]
[PlyCount "32"]
[EventDate "2015.08.21"]
[EventType "swiss"]
[EventRounds "10"]
[EventCountry "ESP"]
[SourceTitle "Ajedrez en Madrid"]
[Source "lmi"]
[SourceDate "2015.08.21"]

1. d4 c5 2. d5 Nf6 3. c4 e6 4. Nc3 exd5 5. cxd5 d6 6. e4 g6 7. f4 Bg7 8. Be2
O-O 9. Nf3 Bg4 10. Nd2 Bxe2 11. Qxe2 Re8 12. O-O Nxe4 13. Ncxe4 f5 14. Qf3 fxe4
15. Nxe4 Qe7 16. Ng5 Qe2 1/2-1/2

[Event "17. Open de Sants Hostafrancs 2015"]
[Site "Barcelona ESP"]
[Date "2015.08.28"]
[Round "8.26"]
[White "Pulvett Marin, Daniel"]
[Black "Lacroix, Romain"]
[Result "1-0"]
[WhiteElo "2434"]
[BlackElo "2201"]
[PlyCount "53"]
[EventDate "2015.08.21"]
[EventType "swiss"]
[EventRounds "10"]
[EventCountry "ESP"]
[SourceTitle "Ajedrez en Madrid"]
[Source "lmi"]
[SourceDate "2015.08.21"]

1. d4 Nf6 2. c4 e6 3. Nf3 b6 4. g3 Bb7 5. Bg2 Be7 6. Nc3 Ne4 7. Bd2 O-O 8. d5
exd5 9. cxd5 Nxd2 10. Qxd2 d6 11. Nd4 Bf6 12. O-O Nd7 13. Rac1 a5 14. e4 Nc5
15. f4 Ba6 16. Rf3 Re8 17. Re1 Qd7 18. Rfe3 b5 19. h4 b4 20. Nd1 Bxd4 21. Qxd4
Qa4 22. e5 Kf8 23. f5 Qc2 24. exd6 cxd6 25. Qf4 Red8 26. Qg5 Re8 27. f6 1-0

[Event "17. Open de Sants Hostafrancs 2015"]
[Site "Barcelona ESP"]
[Date "2015.08.28"]
[Round "8.27"]
[White "Narciso Dublan, Marc"]
[Black "Mundet Riera, Jaume"]
[Result "1-0"]
[WhiteElo "2532"]
[BlackElo "2157"]
[PlyCount "59"]
[EventDate "2015.08.21"]
[EventType "swiss"]
[EventRounds "10"]
[EventCountry "ESP"]
[SourceTitle "Ajedrez en Madrid"]
[Source "lmi"]
[SourceDate "2015.08.21"]

1. d4 d6 2. e4 Nf6 3. f3 g6 4. Be3 Bg7 5. Qd2 Nbd7 6. c4 e5 7. d5 a5 8. Nc3 O-O
9. O-O-O Ne8 10. g4 f5 11. gxf5 gxf5 12. exf5 b6 13. Nge2 Nc5 14. Ng3 Bxf5 15.
Nxf5 Rxf5 16. Qg2 Kh8 17. Rg1 Rf8 18. Be2 Qe7 19. Qh3 Nf6 20. Rg5 Rf7 21. Rdg1
Rg8 22. Qg3 Rff8 23. Qh4 Rf7 24. Kb1 Bf8 25. Bd1 Rfg7 26. Bc2 Qf7 27. Ne2 Rxg5
28. Bxg5 Nh5 29. Ng3 Nxg3 30. Bf6+ 1-0

[Event "17. Open de Sants Hostafrancs 2015"]
[Site "Barcelona ESP"]
[Date "2015.08.28"]
[Round "8.28"]
[White "Valsecchi, Alessio"]
[Black "Guerrero Sierra, Juan Carlos"]
[Result "1-0"]
[WhiteElo "2459"]
[BlackElo "2275"]
[PlyCount "52"]
[EventDate "2015.08.21"]
[EventType "swiss"]
[EventRounds "10"]
[EventCountry "ESP"]
[SourceTitle "Ajedrez en Madrid"]
[Source "lmi"]
[SourceDate "2015.08.21"]

1. Nf3 Nf6 2. c4 g6 3. Nc3 d5 4. d4 Bg7 5. Bg5 Ne4 6. Bf4 Nxc3 7. bxc3 dxc4 8.
e3 Be6 9. Qb1 b6 10. Ng5 Bd5 11. e4 h6 12. exd5 hxg5 13. Qb5+ Qd7 14. Qxd7+
Nxd7 15. Bxg5 b5 16. a4 Nb6 17. axb5 Nxd5 18. Ra3 f6 19. Bc1 Nb6 20. Be2 e6 21.
O-O Bf8 22. Ra6 Bd6 23. g3 Kd7 24. h4 c6 25. bxc6+ Kxc6 26. Bxc4 Kb7 1-0